Implications of automation and other technological developments: a selected annotated bibliography (Record no. 487283)

000 -LEADER
fixed length control field 00531cam a22001217a 4500
008 - FIXED-LENGTH DATA ELEMENTS--GENERAL INFORMATION
fixed length control field 180718b1963 xxu||||| |||| 00| 0 eng d
082 ## - DEWEY DECIMAL CLASSIFICATION NUMBER
Classification number A2:T217 Un3/1963
245 ## - TITLE STATEMENT
Title Implications of automation and other technological developments: a selected annotated bibliography
Statement of responsibility, etc. by United States Department of Labour Bureau of Labor Statistics
260 ## - PUBLICATION, DISTRIBUTION, ETC.
Place of publication, distribution, etc. Washington, D.C.
Name of publisher, distributor, etc. The Superintendent of Documents
Date of publication, distribution, etc. 1963
300 ## - PHYSICAL DESCRIPTION
Extent 90p.
440 ## - SERIES STATEMENT/ADDED ENTRY--TITLE
Title Bullelin No. 1319-1
700 ## - ADDED ENTRY--PERSONAL NAME
Personal name United States. Department of Labor. Bureau of Labor Statistics
Holdings
Withdrawn status Lost status Damaged status Not for loan Permanent Location Current Location Date acquired Full call number Barcode Date last seen Price effective from Koha item type
        Indian Institute of Public Administration Indian Institute of Public Administration 2018-08-04 A2:T217 Un3/1963 G5423 2018-08-04 2018-08-04 G

Powered by Koha